Trzy najlepsze kraje w piłkę nożną z każdego kontynentu - Statystyki

Ogólne statystyki
  • Ten quiz został rozwiązany 207 razy
  • Średni wynik to 11 z 15
Statystyki odpowiedzi
Kontynent Kraj % Poprawnych
Europa 1 Francja
97%
Ameryka Południowa 1 Brazylia
95%
Ameryka Południowa 2 Argentyna
93%
Europa 2 Anglia
89%
AmerykaPółnocna 3 Usa
89%
AmerykaPółnocna 1 Meksyk
86%
Ameryka Południowa 3 Urugwaj
81%
Azja 1 Japonia
80%
Azja 3 Korea
71%
Afryka 2 Maroko
66%
AmerykaPółnocna 2 Kostaryka
56%
Europa 3 Chorwacja
52%
Afryka 1 Ghana
44%
Azja 2 Iran
41%
Afryka 3 Nigeria
41%
Nie znaleziono quizów pasujących do podanych kryteriów
Rozkład punktacji
Procent ludzi z każdym wynikiem
Percentyl według liczby udzielonych odpowiedzi
Twoja historia wyników
Nie rozwiązałeś tego quizu